| 000 | 00882nac a22002897a 4500 | ||
|---|---|---|---|
| 001 | BR0706622 | ||
| 003 | BR-BrBNA | ||
| 005 | 20240105123515.0 | ||
| 008 | 230509b bl.|||m| |||| 00| 0 por d | ||
| 040 |
_aBR-BrBNA _bpor _cBiblioteca Nacional de Agricultura |
||
| 072 | _aF01 | ||
| 090 | _a1930 BR0706622 | ||
| 100 | 1 | _aAlmeida, J. de | |
| 100 | 1 | _aMendonça, J.B. de | |
| 110 | 1 |
_aSecretaria da Agricultura, Irrigação e Reforma agrária, Salvador, BAC (Brasil) _98474 |
|
| 245 | 1 | _aCapim brachiaria (Brachiaria decumbens Stapf.) | |
| 260 | 3 |
_aSalvador, BA (Brasil): _c2006. |
|
| 300 | _a1p. | ||
| 490 |
_aEBDA Informa (Brazil) _vno. 82 _x |
||
| 650 | _aCAPIM BRACHIARIA | ||
| 650 | _aGRAMÍNEA TROPICAL | ||
| 650 | _aMANEJO DO SOLO | ||
| 650 | _aPLANTIO DIRETO | ||
| 650 | _aPASTAGEM | ||
| 909 |
_a202312 _bLúcia Elande _c55 _dLúcia Elande |
||
| 942 |
_2AGRIS _n0 _cMS |
||
| 999 |
_c295778 _d295778 |
||